000 00327nam a2200145Ia 4500
005 20251222153616.0
008 251222s9999||||xx |||||||||||||| ||spa||
020 _a8484539598
082 _a895.135/X43
100 _aXingjian, Gao
245 0 _aLa MontaƱa del Alma
250 _a1ra.ed.
264 _bPlaneta
942 _cLIB
999 _c31788
_d31788